000
00269nam a2200109Ia 4500
008
190216s9999||||xx |||||||||||||| ||und||
100
_a
Srinivasan R
245
0
_a
International Marketing
260
_b
Calicut University Publications
_c
2003
300
_a
184p
942
_c
BK
999
_c
6273
_d
6273